01902nam a22002897a 4500003000900000008004100009040007100050082005100121110005500172245006800227260003200295300004600327440007300373505081400446650005501260650001501315650002201330650002601352650002401378650001701402650001301419700003301432700002901465700003201494700003101526710005501557AR-CdUCM190425b ||||| |||| 00| 0 spa d aMUNICIPALIDAD PROVINCIAL DEL CUSCOcBIBLIOTECA MUNICIPAL DEL CUSCO aRev.Univ/N°90,91/1946bRev.Univ/N°90,91/1946 aUniversidad Nacional de San Antonio Abad del Cusco aRevista Universitaria :bÓrgano de la Universidad del Cuzco / aCusco :bH.G. Rozas,c1946. a252 páginas. :bilustraciones ;c20 cm. aRevista UniversitarianAño XXXV, 1°y 2° semestre 1946, N°90,91. aContenido: Nuestra organización judicial, discurso de orden pronunciado por José M. Garrido Mendívil en apertura al año académico de 1946. -- El CCL Aniversario de la Universidad de San Antonio Abad del Cuzco. Julián Santisteban Ochoa. -- Huakaypata la plaza mayor del viejo Cuzco. Jorge Cornejo Bouroncle. -- Algunas observaciones antropométricas en los campesinos de Anta. Sergio A Quevedo. -- Homenaje a la Universidad Nacional del Cuzco, discurso pronunciado por Roberto Garmendia en el seno del Rotary Club. -- John Dewey y su influencia en la educación peruana. José Gabriel Callo. -- El arte peruano conferencia de Felipe Cossío del Pomar. -- Cuadro de autoridades, personal administrativo y docente e instituciones estudiantiles de la Universidad Nacional del Cuzco. -- Crónica. aUniversidad Nacional de San Antonio Abad del Cusco aHuacaypata aAmbientes urbanos aPlaza mayor del Cusco aEducación peruana aArte peruano aSiglo XX aSantiesteban Ochoa, Julián aCornejo Bouroncle, Jorge aSantisteban Ochoa, Julián aCossío del Pomar, Felipe aUniversidad Nacional de San Antonio Abad del Cusco